|
|
|
|
| LEADER |
00000nas a2200000 a 4500 |
| 001 |
ssj0000547892 |
| 003 |
WaSeSS |
| 005 |
20200512172242.0 |
| 006 |
m d |
| 007 |
cr n |
| 008 |
091202c20109999gw tr pss 0 a0eng |
| 010 |
|
|
|a 2009208150
|
| 015 |
|
|
|a GBB554341
|2 bnb
|
| 016 |
7 |
|
|a 2573466-0
|2 DE-600
|
| 016 |
7 |
|
|a 016648541
|2 Uk
|
| 022 |
|
|
|a 2152-2812
|l 2152-2812
|y 2194-5888
|
| 035 |
|
|
|a (WaSeSS)ssj0000547892
|
| 040 |
|
|
|a DLC
|b eng
|e pn
|c DLC
|d UAB
|d HEBIS
|d DLC
|d OCLCO
|d OCLCQ
|d DLC
|d OCLCF
|d DLC
|d UX0
|d W2U
|d UWW
|d DLC
|d OCLCQ
|d HUL
|d NLE
|d UKMGB
|d VT2
|d WaSeSS
|
| 042 |
|
|
|a pcc
|a nsdp
|
| 050 |
0 |
0 |
|a HD47.4
|
| 082 |
1 |
0 |
|a 352.43
|2 15
|
| 222 |
|
0 |
|a Journal of benefit-cost analysis
|b (Internet)
|
| 245 |
0 |
0 |
|a Journal of benefit-cost analysis
|h [electronic resource].
|
| 246 |
1 |
|
|a JBCA
|
| 260 |
|
|
|3 2010- :
|a Boston, MA :
|b Walter de Gruyter, Inc
|
| 260 |
3 |
|
|3 <2013-> :
|a Berlin, Germany :
|b De Gruyter
|
| 310 |
|
|
|a Three times per year
|
| 362 |
1 |
|
|a Began with: Vol. 1, issue 1 (Jan. 2010).
|
| 506 |
|
|
|a License restrictions may limit access.
|
| 588 |
|
|
|a Description based on: Vol. 1, issue 1 (Jan. 2010); title from cover image (De Gruyter Web site, viewed on Oct. 23, 2012).
|
| 588 |
|
|
|a Latest issue consulted: Volume 5, issue 2 (2014) (De Gruyter Web site, viewed December 1, 2014).
|
| 650 |
|
0 |
|a Cost effectiveness
|v Periodicals.
|
| 650 |
|
7 |
|a Cost effectiveness.
|2 fast
|0 (OCoLC)fst00880707
|
| 655 |
|
0 |
|a Electronic journals.
|
| 776 |
0 |
8 |
|i Print version:
|t Journal of benefit-cost analysis
|x 2194-5888
|w (DLC) 2014207323
|w (OCoLC)883207749
|
| 850 |
|
|
|a DLC
|
| 856 |
4 |
0 |
|z Full text available from Research Library: 01/01/2013 to 1 year ago
|u https://search.proquest.com/publication/2031337
|